[Event "BEL-chT 1819"]
[Site "Belgium"]
[Date "2019.04.07"]
[Round "11.6"]
[White "Caels, Viviane"]
[Black "Witt, Rob"]
[Result "0-1"]
[WhiteElo "1901"]
[BlackElo "2139"]
[PlyCount "99"]
[EventDate "2018.09.30"]
[EventType "team-tourn"]
[EventRounds "11"]
[EventCountry "BEL"]
[SourceTitle "CBM 189 Extra"]
[Source "ChessBase"]
[SourceDate "2019.06.03"]
[SourceVersion "1"]
[SourceVersionDate "2019.06.03"]
[SourceQuality "1"]
[WhiteTeam "Boitsfort"]
[BlackTeam "Jean Jaures"]
[WhiteTeamCountry "BEL"]
[BlackTeamCountry "BEL"]

1. d4 Nf6 2. Nf3 e6 3. Bg5 h6 4. Bh4 d5 5. e3 Be7 6. Nbd2 Nbd7 7. Bd3 0-0 8. Ne5 Nxe5 9. dxe5 Nd7 10. Bxe7 Qxe7 11. f4 f6 12. exf6 Qxf6 13. c3 e5 14. Qb3 c6 15. 0-0-0 Nc5 16. Qc2 Nxd3+ 17. Qxd3 exf4 18. exf4 Qxf4 19. Rhf1 Qd6 20. Rxf8+ Qxf8 21. Rf1 Qe7 22. Nf3 Bd7 23. Re1 Qf6 24. Nd4 Re8 25. Rxe8+ Bxe8 26. Qf5 Qxf5 27. Nxf5 Bd7 28. Nd4 Kf7 29. Kd2 c5 30. Nf3 Kf6 31. Ke3 Bg4 32. Nd2 Ke5 33. Nb3 b6 34. h3 Bf5 35. Nd2 d4+ 36. cxd4+ cxd4+ 37. Kf3 Kd5 38. Kf4 Bd3 39. h4 g6 40. Kf3 Ke5 41. g3 a5 42. Kf2 b5 43. Kf3 Bc4 44. a3 a4 45. g4 Bd5+ 46. Kg3 d3 47. Nf1 Ke4 48. Kf2 Kf4 49. Ke1 Bc4 50. h5 0-1

[Event "Hilversum op"]
[Site "Hilversum"]
[Date "2018.06.22"]
[Round "2"]
[White "Arnaudov, Petar G"]
[Black "Witt, Rob"]
[Result "1-0"]
[WhiteElo "2445"]
[BlackElo "2168"]
[PlyCount "69"]
[EventDate "2018.06.22"]
[EventType "swiss"]
[EventRounds "6"]
[EventCountry "NED"]
[SourceTitle "CBM 185 Extra"]
[Source "ChessBase"]
[SourceDate "2018.07.29"]
[SourceVersion "1"]
[SourceVersionDate "2018.07.29"]
[SourceQuality "1"]

1. Nf3 Nf6 2. c4 e6 3. g3 d5 4. Bg2 Be7 5. 0-0 0-0 6. d4 dxc4 7. Ne5 Nc6 8. Nxc6 bxc6 9. Na3 Ba6 10. Qa4 Qc8 11. Nxc4 Bb5 12. Qc2 Nd5 13. b3 a5 14. a4 Nb4 15. Qc3 Ba6 16. Bb2 Nd5 17. Qf3 Bb7 18. Rac1 f6 19. Rfd1 Ra7 20. Ba3 Bxa3 21. Nxa3 Qd7 22. Rc5 Qe7 23. Nc4 Rfa8 24. e4 Nb6 25. Qc3 Nxc4 26. Qxc4 Rd8 27. Rc1 Kf8 28. e5 f5 29. Bxc6 f4 30. Qc3 fxg3 31. Qf3+ Kg8 32. Bxb7 Rf8 33. Rxc7 gxf2+ 34. Kf1 Qh4 35. Rc8 1-0

[Event "Hilversum op"]
[Site "Hilversum"]
[Date "2017.06.25"]
[Round "6"]
[White "Galje, Hans"]
[Black "Witt, Rob"]
[Result "1/2-1/2"]
[WhiteElo "2102"]
[BlackElo "2152"]
[PlyCount "70"]
[EventDate "2017.06.23"]
[EventType "swiss"]
[EventRounds "6"]
[EventCountry "NED"]
[SourceTitle "CBM 179 Extra"]
[Source "ChessBase"]
[SourceDate "2017.08.23"]
[SourceVersion "1"]
[SourceVersionDate "2017.08.23"]
[SourceQuality "1"]

1. d4 Nf6 2. c4 e6 3. Nc3 Bb4 4. e3 0-0 5. Nge2 d5 6. a3 Bd6 7. Ng3 b6 8. cxd5 exd5 9. Bd3 Re8 10. 0-0 c6 11. Qc2 g6 12. f3 Bf8 13. b4 Bb7 14. Qf2 Qd7 15. h3 Rd8 16. Bb2 Bg7 17. Nce2 Ne8 18. Rab1 a5 19. e4 Ba6 20. Bxa6 Rxa6 21. e5 axb4 22. axb4 f5 23. Nf4 Nc7 24. Nge2 Qe7 25. Nd3 Nb5 26. Ra1 Rd7 27. Nc3 Rda7 28. Nxb5 cxb5 29. Nf4 Rxa1 30. Rxa1 Rxa1+ 31. Bxa1 Qd7 32. Qc2 Nc6 33. Qb3 Ne7 34. Qc3 Bh6 35. Ne2 Qc6 1/2-1/2

[Event "Bussum op 30th"]
[Site "Bussum"]
[Date "2013.05.19"]
[Round "3"]
[White "Karssen, Henk"]
[Black "Witt, Rob"]
[Result "1/2-1/2"]
[WhiteElo "2072"]
[BlackElo "2240"]
[PlyCount "73"]
[EventDate "2013.05.18"]
[EventType "swiss"]
[EventRounds "7"]
[EventCountry "NED"]
[SourceTitle "CBM 154 Extra"]
[Source "ChessBase"]
[SourceDate "2013.06.25"]
[SourceVersion "2"]
[SourceVersionDate "2013.06.25"]
[SourceQuality "1"]

1. g3 d5 2. Bg2 Nf6 3. d3 c5 4. f4 Nc6 5. Nf3 g6 6. 0-0 Bg7 7. Nc3 d4 8. Ne4 Nxe4 9. dxe4 Qb6 10. h3 e6 11. a3 Bd7 12. Kh2 f6 13. e3 e5 14. exd4 cxd4 15. c3 0-0 16. cxd4 exd4 17. b4 Be6 18. Bb2 Rfd8 19. Rf2 Rd7 20. Ne1 a5 21. Nd3 Bf8 22. f5 Bf7 23. fxg6 hxg6 24. Rxf6 Bg7 25. Nc5 Re7 26. Rxf7 Rxf7 27. e5 Rd8 28. Qb3 Nxe5 29. Rf1 axb4 30. axb4 Rd6 31. Bd5 Rxd5 32. Qxd5 Qxb4 33. Bxd4 Qxd4 34. Qxd4 Nf3+ 35. Rxf3 Bxd4 36. Rxf7 Kxf7 37. Nxb7 1/2-1/2

[Event "Bussum op 28th"]
[Site "Bussum"]
[Date "2011.06.11"]
[Round "2"]
[White "Dgebuadze, Alexandre"]
[Black "Witt, Rob"]
[Result "1-0"]
[WhiteElo "2521"]
[BlackElo "2248"]
[PlyCount "73"]
[EventDate "2011.06.10"]
[EventType "swiss"]
[EventRounds "7"]
[EventCountry "NED"]
[SourceTitle "CBM 142 Extra"]
[Source "ChessBase"]
[SourceDate "2011.06.27"]
[SourceVersion "1"]
[SourceVersionDate "2011.06.27"]
[SourceQuality "1"]

1. c4 e5 2. Nc3 Nf6 3. Nf3 Nc6 4. e3 Bb4 5. Qc2 Bxc3 6. Qxc3 Qe7 7. a3 d5 8. cxd5 Nxd5 9. Qb3 Nb6 10. d3 0-0 11. Bd2 a5 12. Be2 Be6 13. Qc2 f6 14. 0-0 Qf7 15. b4 Bb3 16. Qb2 Na4 17. Qb1 Rfd8 18. Rc1 Nb6 19. b5 Nb8 20. d4 exd4 21. Bd3 g6 22. Nxd4 Bd5 23. a4 Rd7 24. Be1 Qe7 25. Nb3 Bxb3 26. Qxb3+ Kg7 27. Be2 Nd5 28. Bf3 c6 29. Rab1 Qd8 30. Rd1 Ne7 31. Bg4 Rxd1 32. Rxd1 Qc7 33. b6 Qe5 34. Bc3 Qc5 35. Bd4 Qg5 36. Qe6 Nf5 37. Bxf5 1-0

[Event "NED-chT 1011"]
[Site "Netherlands"]
[Date "2010.09.25"]
[Round "1.6"]
[White "Spoelman, Wouter"]
[Black "Witt, Rob"]
[Result "1-0"]
[WhiteElo "2538"]
[BlackElo "2242"]
[PlyCount "51"]
[EventDate "2010.09.25"]
[EventType "team"]
[EventRounds "9"]
[EventCountry "NED"]
[SourceTitle "CBM 138 Extra"]
[Source "ChessBase"]
[SourceDate "2010.10.29"]
[SourceVersion "1"]
[SourceVersionDate "2010.10.29"]
[SourceQuality "1"]
[WhiteTeam "Hilversum HSG"]
[BlackTeam "Amsterdam Caissa"]
[WhiteTeamCountry "NED"]
[BlackTeamCountry "NED"]

1. d4 e6 2. c4 Nf6 3. Nc3 Bb4 4. e3 0-0 5. Nge2 d5 6. a3 Bd6 7. cxd5 exd5 8. g3 c6 9. Qc2 Bg4 10. Bg2 Qd7 11. f3 Bh3 12. 0-0 Bxg2 13. Kxg2 c5 14. dxc5 Bxc5 15. Rd1 Qc6 16. Nf4 Na6 17. b4 Nxb4 18. axb4 Bxb4 19. Bb2 Rac8 20. Rac1 Rfd8 21. Qf5 g6 22. Qd3 Bxc3 23. Rxc3 Qb6 24. Rxc8 Rxc8 25. Bxf6 Qxf6 26. Nxd5 1-0

[Event "Bossum Pinkster op-A"]
[Site "Bossum"]
[Date "2010.05.24"]
[Round "7"]
[White "Reinderman, Dimitri"]
[Black "Witt, Rob"]
[Result "1-0"]
[WhiteElo "2608"]
[BlackElo "2221"]
[PlyCount "91"]
[EventDate "2010.05.21"]
[EventType "swiss"]
[EventRounds "7"]
[EventCountry "NED"]
[SourceTitle "CBM 136 Extra"]
[Source "ChessBase"]
[SourceDate "2010.07.02"]
[SourceVersion "2"]
[SourceVersionDate "2010.07.15"]
[SourceQuality "1"]

1. c4 e6 2. Nf3 Nf6 3. g3 d5 4. Bg2 c5 5. 0-0 Nc6 6. cxd5 exd5 7. d4 Be7 8. Nc3 0-0 9. dxc5 Bxc5 10. Bg5 d4 11. Bxf6 Qxf6 12. Nd5 Qd8 13. Nd2 Re8 14. Rc1 Bf8 15. Nb3 Be6 16. Nf4 Qb6 17. Nxe6 Rxe6 18. Bd5 Rd6 19. Bxc6 bxc6 20. Rc4 Rad8 21. Qc2 g6 22. Rd1 Bg7 23. Rd2 h5 24. h4 Re8 25. Nc5 Red8 26. Kg2 Rb8 27. Qd3 Rd5 28. Rdc2 Rbd8 29. b3 R5d6 30. Qd2 Qc7 31. Qf4 Qe7 32. Qe4 Re8 33. Qxe7 Rxe7 34. Nd3 a5 35. Kf1 Rc7 36. Rc5 a4 37. b4 Ra7 38. Rxc6 Rxc6 39. Rxc6 a3 40. Ke1 Rb7 41. Kd1 Bf8 42. Rc4 Bg7 43. Rc8+ Kh7 44. Ra8 f6 45. Rxa3 g5 46. Ra6 1-0

[Event "Amsterdam ACT op 3rd"]
[Site "Amsterdam"]
[Date "2006.07.19"]
[Round "5"]
[White "Zhang, Tony"]
[Black "Witt, Rob"]
[Result "1-0"]
[WhiteElo "2217"]
[BlackElo "2296"]
[PlyCount "87"]
[EventDate "2006.07.15"]
[EventType "swiss"]
[EventRounds "9"]
[EventCountry "NED"]
[SourceTitle "CBM 113 Extra"]
[Source "ChessBase"]
[SourceDate "2006.09.14"]
[SourceVersion "1"]
[SourceVersionDate "2006.09.14"]
[SourceQuality "1"]

1. e4 e6 2. d4 d5 3. e5 c5 4. c3 Nc6 5. Nf3 Qb6 6. a3 Nh6 7. b4 cxd4 8. cxd4 Nf5 9. Bb2 Bd7 10. g4 Nh6 11. h3 f6 12. exf6 gxf6 13. Nc3 Nf7 14. Be2 Qd8 15. 0-0 Bd6 16. Re1 0-0 17. Bd3 Ng5 18. Kg2 Nxf3 19. Qxf3 Ne7 20. Bc1 Kh8 21. Bf4 Qc7 22. Bxd6 Qxd6 23. Qg3 Qxg3+ 24. Kxg3 Nc6 25. Ne2 Kg7 26. Rac1 Rac8 27. Bb1 h6 28. f4 Kf7 29. Ba2 Ke7 30. Nc3 Nxd4 31. Bxd5 b6 32. Ba2 Rc6 33. Nd5+ Kd6 34. Rxc6+ Bxc6 35. Ne3 Kc7 36. Kf2 Rd8 37. Rd1 Ba4 38. Rd2 Bb5 39. f5 Rd6 40. fxe6 Nxe6 41. Rxd6 Kxd6 42. Nf5+ Ke5 43. Bxe6 Kxe6 44. Nd4+ 1-0

[Event "Amsterdam ACT op 3rd"]
[Site "Amsterdam"]
[Date "2006.07.17"]
[Round "3"]
[White "Witt, Rob"]
[Black "Eggleston, David"]
[Result "0-1"]
[WhiteElo "2296"]
[BlackElo "2232"]
[PlyCount "68"]
[EventDate "2006.07.15"]
[EventType "swiss"]
[EventRounds "9"]
[EventCountry "NED"]
[SourceTitle "CBM 113 Extra"]
[Source "ChessBase"]
[SourceDate "2006.09.14"]
[SourceVersion "1"]
[SourceVersionDate "2006.09.14"]
[SourceQuality "1"]

1. d4 e6 2. c4 f5 3. g3 Nf6 4. Bg2 Be7 5. Nh3 d6 6. b3 0-0 7. Bb2 Qe8 8. 0-0 Nbd7 9. Nf4 Bd8 10. d5 e5 11. Ne6 Rf7 12. Nc3 Nf8 13. Nxd8 Qxd8 14. e3 f4 15. exf4 exf4 16. Qd4 Ng6 17. Rfe1 Bg4 18. Ne4 Nxe4 19. Rxe4 Qd7 20. Rae1 Ne5 21. gxf4 Nf3+ 22. Bxf3 Bxf3 23. Re6 Raf8 24. Bc1 Qd8 25. Qd3 Bg4 26. Qg3 Bxe6 27. dxe6 Re7 28. Bb2 Qe8 29. Kh1 Qg6 30. Qc3 Rxf4 31. f3 Qh5 32. Kg2 Rf6 33. h3 Rexe6 34. Rxe6 Qg6+ 0-1

[Event "Amsterdam ACT op 3rd"]
[Site "Amsterdam"]
[Date "2006.07.16"]
[Round "2"]
[White "Cornelisse, Johnny JA"]
[Black "Witt, Rob"]
[Result "1/2-1/2"]
[WhiteElo "2216"]
[BlackElo "2296"]
[PlyCount "69"]
[EventDate "2006.07.15"]
[EventType "swiss"]
[EventRounds "9"]
[EventCountry "NED"]
[SourceTitle "CBM 113 Extra"]
[Source "ChessBase"]
[SourceDate "2006.09.14"]
[SourceVersion "1"]
[SourceVersionDate "2006.09.14"]
[SourceQuality "1"]

1. e4 e6 2. d4 d5 3. e5 c5 4. c3 Nc6 5. Nf3 Qb6 6. a3 Nh6 7. b4 cxd4 8. cxd4 Nf5 9. Bb2 Be7 10. Bd3 a5 11. Bxf5 exf5 12. Nc3 Be6 13. b5 a4 14. 0-0 Na5 15. Qxa4 0-0 16. Rfb1 Rfc8 17. Qd1 Nc4 18. Qb3 Na5 19. Qd1 Nc4 20. Qb3 Qa5 21. Ne2 Qa4 22. Bc1 b6 23. Qd3 h6 24. h4 Rc7 25. Ng3 Ra5 26. Nxf5 Rxb5 27. Nxe7+ Rxe7 28. Rxb5 Qxb5 29. Nd2 Qa4 30. Qb3 Qc6 31. Qb4 Re8 32. Nb3 Bf5 33. Qc3 Ra8 34. Nd2 Nxe5 35. Qxc6 1/2-1/2

[Event "Amsterdam ACT op 3rd"]
[Site "Amsterdam"]
[Date "2006.07.15"]
[Round "1"]
[White "Witt, Rob"]
[Black "Stellwagen, Daniel"]
[Result "0-1"]
[WhiteElo "2296"]
[BlackElo "2575"]
[PlyCount "56"]
[EventDate "2006.07.15"]
[EventType "swiss"]
[EventRounds "9"]
[EventCountry "NED"]
[SourceTitle "CBM 113 Extra"]
[Source "ChessBase"]
[SourceDate "2006.09.14"]
[SourceVersion "1"]
[SourceVersionDate "2006.09.14"]
[SourceQuality "1"]

1. e4 c5 2. Nf3 e6 3. c4 Nc6 4. Nc3 Nd4 5. d3 Ne7 6. Be3 Nec6 7. g3 Be7 8. Bg2 0-0 9. 0-0 d6 10. Ne2 Nxf3+ 11. Bxf3 Bf6 12. Rb1 Rb8 13. Bg2 Qa5 14. a3 b5 15. cxb5 Qxb5 16. d4 Ba6 17. Re1 Rfd8 18. Bf1 Qb6 19. dxc5 dxc5 20. Qc1 Bd3 21. Bxc5 Qb3 22. Nf4 Bxb1 23. Qxb1 Bc3 24. Rc1 Bxb2 25. Bc4 Qa4 26. Qc2 Qxc2 27. Rxc2 Nd4 28. Bxd4 Rxd4 0-1

[Event "Amsterdam ACT op 1st"]
[Site "Amsterdam"]
[Date "2004.07.17"]
[Round "1"]
[White "Chuchelov, Vladimir"]
[Black "Witt, Rob"]
[Result "1/2-1/2"]
[WhiteElo "2574"]
[BlackElo "2287"]
[PlyCount "89"]
[EventDate "2004.07.17"]
[EventType "swiss"]
[EventRounds "9"]
[EventCountry "NED"]
[SourceTitle "CBM 101 Extra"]
[Source "ChessBase"]
[SourceDate "2004.09.01"]
[SourceVersion "2"]
[SourceVersionDate "2004.09.01"]
[SourceQuality "1"]

1. Nf3 Nf6 2. c4 c6 3. d4 d5 4. Qc2 g6 5. Bf4 Bg7 6. e3 0-0 7. Nc3 Na6 8. h3 dxc4 9. Bxc4 b5 10. Be2 Nb4 11. Qb3 Qa5 12. 0-0 Be6 13. Qd1 Nbd5 14. Nxd5 Bxd5 15. Be5 Rfd8 16. Qc2 Be4 17. Qc1 Rac8 18. a3 Qb6 19. b4 Bf8 20. Nd2 Bd5 21. Qb2 a5 22. bxa5 Qxa5 23. Rfc1 Nd7 24. Bf4 Bg7 25. Bg5 f6 26. Bh4 Nb6 27. Nb3 Qa7 28. Nc5 Na4 29. Nxa4 Qxa4 30. Qb4 Qxb4 31. axb4 Ra8 32. f3 Bh6 33. Kf2 Kf7 34. Bg3 Rdc8 35. Bd3 Ke8 36. Ke2 Kd7 37. Be1 Ba2 38. Bd2 Ra4 39. h4 Rca8 40. h5 Bf7 41. Rab1 gxh5 42. Bxh7 Bc4+ 43. Bd3 Bxd3+ 44. Kxd3 Ra2 45. Rc5 1/2-1/2

[Event "Bussum op"]
[Site "Bussum"]
[Date "2004.05.31"]
[Round "6"]
[White "Witt, Rob"]
[Black "Spoelman, Wouter"]
[Result "1-0"]
[WhiteElo "2324"]
[BlackElo "2239"]
[PlyCount "89"]
[EventDate "2004.05.28"]
[EventType "swiss"]
[EventRounds "7"]
[EventCountry "NED"]
[SourceTitle "CBM 100 Extra"]
[Source "ChessBase"]
[SourceDate "2004.07.06"]
[SourceVersion "2"]
[SourceVersionDate "2004.07.06"]
[SourceQuality "1"]

1. Nf3 Nf6 2. c4 e6 3. Nc3 Bb4 4. Qc2 0-0 5. a3 Bxc3 6. Qxc3 b6 7. e3 Bb7 8. Be2 d6 9. 0-0 Nbd7 10. b4 c5 11. Bb2 e5 12. Rae1 Rc8 13. d4 Ne4 14. Qb3 Ng5 15. Nxg5 Qxg5 16. d5 cxb4 17. axb4 b5 18. e4 bxc4 19. Bxc4 f5 20. Bc1 f4 21. f3 Nb6 22. Bd3 Rc7 23. Bd2 Qh4 24. Rc1 Re7 25. Be1 Qh5 26. Rf2 Bc8 27. Rfc2 Bd7 28. Qa2 g5 29. Qxa7 Na8 30. Bb5 Qf7 31. Bxd7 Rxd7 32. Qa6 Nc7 33. Qd3 Rb8 34. b5 Kg7 35. Rb2 Na6 36. Bf2 Rbb7 37. b6 Nb8 38. Ra2 Re7 39. Qa3 Qg6 40. h3 h5 41. Rac2 Red7 42. Rc7 g4 43. hxg4 hxg4 44. Kf1 Qf7 45. Rxb7 1-0

[Event "Bussum op"]
[Site "Bussum"]
[Date "2004.05.30"]
[Round "4"]
[White "Witt, Rob"]
[Black "Wustefeld, Emile"]
[Result "1/2-1/2"]
[WhiteElo "2324"]
[BlackElo "2338"]
[PlyCount "45"]
[EventDate "2004.05.28"]
[EventType "swiss"]
[EventRounds "7"]
[EventCountry "NED"]
[SourceTitle "CBM 100 Extra"]
[Source "ChessBase"]
[SourceDate "2004.07.06"]
[SourceVersion "2"]
[SourceVersionDate "2004.07.06"]
[SourceQuality "1"]

1. Nf3 Nf6 2. c4 g6 3. Nc3 Bg7 4. e4 d6 5. d4 0-0 6. Be2 e5 7. 0-0 Nc6 8. d5 Ne7 9. Ne1 Ne8 10. Be3 f5 11. f3 f4 12. Bf2 h5 13. c5 g5 14. a4 Rf6 15. a5 a6 16. cxd6 Nxd6 17. Nd3 Rg6 18. Qb3 Kh8 19. Nc5 Qg8 20. h3 g4 21. hxg4 hxg4 22. fxg4 Qh7 23. g5 1/2-1/2

[Event "Lost Boys op"]
[Site "Amsterdam"]
[Date "2002.07.27"]
[Round "2"]
[White "Witt, Rob"]
[Black "Halkias, Stelios"]
[Result "1/2-1/2"]
[WhiteElo "2308"]
[BlackElo "2550"]
[PlyCount "152"]
[EventDate "2002.07.26"]
[EventType "swiss"]
[EventRounds "9"]
[EventCountry "NED"]
[SourceTitle "CBM 089 Extra"]
[Source "ChessBase"]
[SourceDate "2002.09.10"]
[SourceVersion "2"]
[SourceVersionDate "2002.09.10"]
[SourceQuality "1"]

1. Nf3 d5 2. d4 Nf6 3. c4 e6 4. Nc3 dxc4 5. e3 a6 6. Bxc4 b5 7. Bd3 Bb7 8. 0-0 Nbd7 9. Qe2 c5 10. b3 Qb8 11. Bb2 Bd6 12. h3 0-0 13. Rad1 Rd8 14. Rfe1 Qc7 15. Rc1 Rac8 16. Nb1 Qb8 17. Nbd2 cxd4 18. Nxd4 Ne5 19. Bb1 Bb4 20. Red1 Rxc1 21. Rxc1 Qa8 22. N4f3 Ng6 23. e4 Qa7 24. g3 h6 25. a3 Be7 26. b4 h5 27. Nb3 h4 28. Nxh4 Nxh4 29. gxh4 Ba8 30. Be5 Nd7 31. Bg3 e5 32. Na5 Qb6 33. Kh2 Nf8 34. Ba2 Ne6 35. Qg4 Nf4 36. Qf5 Bf6 37. Rc8 g6 38. Qd7 Rxc8 39. Bxf7+ Kg7 40. Qxc8 Bxe4 41. Qg8+ Kh6 42. Nb3 Bf5 43. Qf8+ Bg7 44. Qe7 Bf6 45. Qf8+ Bg7 46. Qe7 Nh5 47. Nc5 Qc6 48. Ne6 Nxg3 49. Qg5+ Kh7 50. Qxg3 Bf6 51. h5 g5 52. Nxg5+ Kh6 53. Nf3 Qe4 54. Be8 Qf4 55. Bc6 Bc8 56. Kg2 Qf5 57. Nh2 Qxh5 58. Ng4+ Bxg4 59. Qxg4 Qxg4+ 60. hxg4 e4 61. Bxe4 Kg5 62. Kf3 Bb2 63. Bf5 Bxa3 64. Ke4 Bxb4 65. f4+ Kf6 66. g5+ Kg7 67. Bc8 a5 68. Bd7 a4 69. Bxb5 a3 70. Bc4 Be7 71. Kf5 Bd8 72. Ba2 Be7 73. Bb1 Bd8 74. Ke6 Bxg5 75. fxg5 a2 76. Bxa2 Kg6 1/2-1/2

[Event "NED-chT 0102"]
[Site "Netherlands"]
[Date "2002.03.16"]
[Round "7.2"]
[White "Jonkman, Harmen"]
[Black "Witt, Rob"]
[Result "1/2-1/2"]
[WhiteElo "2498"]
[BlackElo "2303"]
[PlyCount "68"]
[EventDate "2001.09.29"]
[EventType "team-tourn"]
[EventRounds "9"]
[EventCountry "NED"]
[SourceTitle "EXT 2015"]
[Source "ChessBase"]
[SourceDate "2014.11.20"]
[SourceVersion "1"]
[SourceVersionDate "2014.11.20"]
[SourceQuality "1"]
[WhiteTeam "VastNed Rotterdam"]
[BlackTeam "Amsterdam Max Euwe"]
[WhiteTeamCountry "NED"]
[BlackTeamCountry "NED"]

1. e4 c5 2. c3 d5 3. exd5 Qxd5 4. d4 Nf6 5. Nf3 e6 6. Be3 cxd4 7. cxd4 Nc6 8. Nc3 Qd6 9. a3 Be7 10. Bd3 0-0 11. Qc2 Rd8 12. Rd1 Bd7 13. 0-0 Be8 14. Rfe1 Rac8 15. Bc1 g6 16. Qe2 Bf8 17. Bg5 Bg7 18. Ne4 Nxe4 19. Bxe4 Rd7 20. d5 exd5 21. Bxd5 Qf8 22. Bxc6 Rxd1 23. Be7 Rxe1+ 24. Qxe1 Bxc6 25. Bxf8 Rxf8 26. Qd2 Bf6 27. h3 Kg7 28. b3 a6 29. a4 Rd8 30. Qe3 Rd5 31. Kh2 h6 32. Nd2 Bd4 33. Qe2 Re5 34. Qf1 Rf5 1/2-1/2

[Event "NED-chT 0102"]
[Site "Netherlands"]
[Date "2001.11.03"]
[Round "2.1"]
[White "Witt, Rob"]
[Black "Nikolic, Predrag"]
[Result "0-1"]
[WhiteElo "2303"]
[BlackElo "2652"]
[PlyCount "130"]
[EventDate "2001.09.29"]
[EventType "team-tourn"]
[EventRounds "9"]
[EventCountry "NED"]
[SourceTitle "EXT 2003"]
[Source "ChessBase"]
[SourceDate "2002.11.25"]
[SourceVersion "1"]
[SourceVersionDate "2002.11.25"]
[SourceQuality "1"]
[WhiteTeam "Amsterdam Max Euwe"]
[BlackTeam "Hilversum HSG"]
[WhiteTeamCountry "NED"]
[BlackTeamCountry "NED"]

1. Nf3 Nf6 2. c4 e6 3. Nc3 Bb4 4. Qc2 c5 5. a3 Ba5 6. e3 0-0 7. Be2 Nc6 8. 0-0 d5 9. Na4 Bb6 10. cxd5 Qxd5 11. d3 Bd7 12. Nd2 Ne5 13. Nxb6 axb6 14. Nc4 Nxc4 15. dxc4 Qe5 16. f4 Qd6 17. Rd1 Qe7 18. Bf3 e5 19. Bd2 Bc6 20. Bxc6 bxc6 21. Re1 Rfd8 22. Bc3 e4 23. Rad1 Ng4 24. Rxd8+ Rxd8 25. h3 Nh6 26. Rd1 Rxd1+ 27. Qxd1 Nf5 28. Qd2 h5 29. a4 h4 30. b3 Kh7 31. Qe2 Kh6 32. Kf2 f6 33. Qc2 g5 34. fxg5+ fxg5 35. Ke2 Qd6 36. Be1 Qe6 37. Qc3 Kg6 38. Kd2 Qd6+ 39. Kc1 Qh2 40. Qd2 Qe5 41. Kb1 Nd6 42. Ka2 Qe6 43. Qc3 Nf7 44. Qc2 Nh6 45. Qd2 Qe7 46. Qf2 Qd6 47. Qc2 Kf5 48. Qf2+ Ke6 49. Bc3 Nf5 50. Ba1 Qg3 51. Qb2 Kd7 52. Qd2+ Ke8 53. Qb2 Qxe3 54. Qf6 Ne7 55. Qe6 Qf2+ 56. Ka3 Qf5 57. Qd6 Kf7 58. Bc3 e3 59. b4 cxb4+ 60. Qxb4 Qd3 61. Kb2 e2 62. Qb3 e1Q 63. Bxe1 Qe2+ 64. Ka3 Qxe1 65. c5+ Nd5 0-1

[Event "NED-chT 0102"]
[Site "Netherlands"]
[Date "2001.09.29"]
[Round "1.1"]
[White "Van der Stricht, Geert"]
[Black "Witt, Rob"]
[Result "1-0"]
[WhiteElo "2443"]
[BlackElo "2303"]
[PlyCount "139"]
[EventDate "2001.09.29"]
[EventType "team-tourn"]
[EventRounds "9"]
[EventCountry "NED"]
[SourceTitle "CBM 085 Extra"]
[Source "ChessBase"]
[SourceDate "2002.01.21"]
[SourceVersion "1"]
[SourceVersionDate "2002.01.21"]
[SourceQuality "1"]
[WhiteTeam "Sas van Gent"]
[BlackTeam "Amsterdam Max Euwe"]
[WhiteTeamCountry "NED"]
[BlackTeamCountry "NED"]

1. d4 Nf6 2. c4 e6 3. Nf3 d5 4. Nc3 Be7 5. Bg5 0-0 6. e3 h6 7. Bh4 b6 8. Be2 Bb7 9. Bxf6 Bxf6 10. cxd5 exd5 11. b4 c6 12. Rc1 Qd6 13. Qb3 Nd7 14. 0-0 Be7 15. b5 c5 16. dxc5 Nxc5 17. Qb1 Ne6 18. Rfd1 Rfd8 19. Bc4 Nc7 20. e4 Qf4 21. Nxd5 Nxd5 22. Bxd5 Bxd5 23. exd5 Bc5 24. Qd3 Rd7 25. Rc4 Qf6 26. Re4 Rad8 27. Re5 g6 28. g3 Kg7 29. Kg2 Be7 30. h4 Qd6 31. Qe4 Bf6 32. Re8 Qc5 33. Rxd8 Rxd8 34. a4 Qd6 35. Qc4 Qe7 36. Nd2 Bb2 37. Qd3 Ba3 38. Nc4 Bd6 39. Qd4+ Kg8 40. Rd3 Bc5 41. Qf4 h5 42. Rd1 Bd6 43. Qd4 Rd7 44. Rd3 Bc5 45. Qe5 f6 46. Qxe7 Rxe7 47. Kf3 Kf7 48. Rd2 Re1 49. d6 Ke8 50. a5 Rc1 51. axb6 axb6 52. d7+ Kd8 53. Ne3 Re1 54. Nd5 Kxd7 55. Nxb6+ Ke6 56. Na4 Rc1 57. Nxc5+ Rxc5 58. Rb2 Rc7 59. b6 Rb7 60. Kf4 Kd5 61. f3 Ke6 62. g4 hxg4 63. fxg4 Kf7 64. Ke4 Ke6 65. h5 gxh5 66. gxh5 f5+ 67. Kf4 Kf6 68. Rb5 Ke6 69. Re5+ Kd6 70. Rxf5 1-0

[Event "Lost Boys op"]
[Site "Amsterdam"]
[Date "2001.08.18"]
[Round "8"]
[White "Witt, Rob"]
[Black "Helvensteijn, Dennis"]
[Result "1-0"]
[WhiteElo "2280"]
[BlackElo "2191"]
[PlyCount "77"]
[EventDate "2001.08.10"]
[EventType "swiss"]
[EventRounds "9"]
[EventCountry "NED"]
[SourceTitle "CBM 083 Extra"]
[Source "ChessBase"]
[SourceDate "2001.09.11"]
[SourceVersion "1"]
[SourceVersionDate "2001.09.11"]
[SourceQuality "1"]

1. d4 d5 2. c4 Nc6 3. Nf3 Bg4 4. Bf4 e6 5. e3 Bb4+ 6. Nc3 Nge7 7. Rc1 Ng6 8. h3 Bh5 9. Bh2 Nh4 10. g4 Nxf3+ 11. Qxf3 Bg6 12. Qg3 Rc8 13. Be2 0-0 14. 0-0 f5 15. f4 dxc4 16. Bxc4 Bf7 17. Qg2 Na5 18. Be2 c5 19. a3 Bxc3 20. Rxc3 cxd4 21. Rxc8 Qxc8 22. exd4 Rd8 23. Bg3 Nb3 24. Be1 Nxd4 25. Bc3 e5 26. Rd1 Qc5 27. Kh2 Rc8 28. gxf5 Bd5 29. Bxd4 exd4 30. Qf2 Re8 31. Bh5 Re3 32. Qd2 d3 33. Rc1 Bc4 34. Rxc4 Rxh3+ 35. Kxh3 Qxc4 36. Qc3 Qxc3 37. bxc3 Kf8 38. Kg3 Ke7 39. Kf3 1-0

[Event "Lost Boys op"]
[Site "Amsterdam"]
[Date "2001.08.17"]
[Round "7"]
[White "Grooten, Herman"]
[Black "Witt, Rob"]
[Result "1-0"]
[WhiteElo "2374"]
[BlackElo "2280"]
[PlyCount "57"]
[EventDate "2001.08.10"]
[EventType "swiss"]
[EventRounds "9"]
[EventCountry "NED"]
[SourceTitle "CBM 083 Extra"]
[Source "ChessBase"]
[SourceDate "2001.09.11"]
[SourceVersion "1"]
[SourceVersionDate "2001.09.11"]
[SourceQuality "1"]

1. d4 d5 2. c4 Nc6 3. cxd5 Qxd5 4. e3 e5 5. Nc3 Bb4 6. Bd2 Bxc3 7. bxc3 Qd6 8. Bd3 Nge7 9. Qb1 b6 10. Ne2 f5 11. f3 0-0 12. 0-0 Be6 13. Be1 h6 14. Bf2 Rad8 15. Qc2 Na5 16. c4 c5 17. d5 Bd7 18. Be1 Nb7 19. a4 a5 20. Bc3 Nc8 21. Ng3 g6 22. Bb2 Rf7 23. Qc3 Re8 24. f4 Rfe7 25. e4 Nd8 26. exf5 gxf5 27. Nxf5 Bxf5 28. Bxf5 Nf7 29. Rae1 1-0

[Event "Lost Boys op"]
[Site "Amsterdam"]
[Date "2001.08.16"]
[Round "6"]
[White "Van der Hoeven, Gert Jan"]
[Black "Witt, Rob"]
[Result "1/2-1/2"]
[WhiteElo "2356"]
[BlackElo "2280"]
[PlyCount "27"]
[EventDate "2001.08.10"]
[EventType "swiss"]
[EventRounds "9"]
[EventCountry "NED"]
[SourceTitle "CBM 083 Extra"]
[Source "ChessBase"]
[SourceDate "2001.09.11"]
[SourceVersion "1"]
[SourceVersionDate "2001.09.11"]
[SourceQuality "1"]

1. e4 e5 2. Nf3 Nc6 3. Bb5 a6 4. Ba4 Nf6 5. 0-0 Be7 6. Re1 b5 7. Bb3 0-0 8. c3 d6 9. h3 Bb7 10. d4 Re8 11. Ng5 Rf8 12. Nf3 Re8 13. Nxe5 Rf8 14. Nf3 1/2-1/2